Assessment and management of manatees (<Trichechus manatus>) in Tampa Bay (Registro nro. 9668)

Detalles MARC
000 -CABECERA
Campo de control 007810000a22002290004500
090 ## - CLASIFICACIÓN LOCAL
Colección AR
Consecutivo 00576
041 0# - IDIOMA
Código de idioma para texto/pista de sonido o título separado
100 1# - ASIENTO PRINCIPAL--NOMBRE PERSONAL
Nombre personal Reynolds, John E.
245 10 - MENCION DE TITULO
Título Assessment and management of manatees (<Trichechus manatus>) in Tampa Bay
650 14 - ASIENTO SECUNDARIO DE MATERIA - TERMINO TEMATICO
Término temático o nombre geográfico como elemento de entrada Mamíferos acuáticos
650 14 - ASIENTO SECUNDARIO DE MATERIA - TERMINO TEMATICO
Término temático o nombre geográfico como elemento de entrada Manejo de fauna
650 14 - ASIENTO SECUNDARIO DE MATERIA - TERMINO TEMATICO
Término temático o nombre geográfico como elemento de entrada Densidad poblacional
650 14 - ASIENTO SECUNDARIO DE MATERIA - TERMINO TEMATICO
Término temático o nombre geográfico como elemento de entrada Mortalidad
651 #4 - ASIENTO SECUNDARIO DE MATERIA - NOMBRE GEOGRAFICO
-- Tampa Bay
-- Florida
-- Estados Unidos
653 ## - TERMINO DE INDIZACION - NO CONTROLADO
-- Trichechus
-- Trichechus manatus
-- manatí
700 1# - ASIENTO SECUNDARIO - NOMBRE PERSONAL
Nombre personal Ackerman, B. B.
700 1# - ASIENTO SECUNDARIO - NOMBRE PERSONAL
Nombre personal Beeler, I. E.
700 1# - ASIENTO SECUNDARIO - NOMBRE PERSONAL
Nombre personal Weigle, B. L.
700 1# - ASIENTO SECUNDARIO - NOMBRE PERSONAL
Nombre personal Houhoulis, P. F.
773 1# - Item fuente:
Título Proceedings Tampa Bay Area Scientific Information Symposium
Especificación de materiales 221
Paginas del Articulo 289-306
Lugar, editorial y fecha de publicación 1991
942 ## - ELEMENTOS ADICIONALES (KOHA)
Tipo de ítem Artículo
Existencias
Withdrawn status Lost status Damaged status No para préstamo Colección Ubicación Permanente Ubicación actual Fecha de adquisición Fuente de Valor Datos de publicación Seriada Total Checkouts Número topográfico Inventario / Código de Barras Date last seen Ejemplar Price effective from Forma de adquisición Tipo de material
      No para Préstamo Hemeroteca Bogotá Bogotá 27/02/2015 Muñoz Saba, Yaneth Fuera de circulación   AR 00576 010888 25/03/2015 1 25/03/2015   Artículo